| 000 | 00408nam a2200181Ia 4500 | ||
|---|---|---|---|
| 005 | 20250423101447.0 | ||
| 008 | 250422s9999 xx 000 0 und d | ||
| 020 | _a9780872895263 | ||
| 050 | _aKF 51 .Z3/ | ||
| 100 | _aZelden, C.L. | ||
| 245 | 4 | _aThe supreme court and elections | |
| 250 | _a1st ed. | ||
| 260 | _aWashington | ||
| 260 | _bCQpress | ||
| 260 | _c2010 | ||
| 300 | _a451 p | ||
| 942 | _cBK | ||
| 999 |
_c36363 _d36363 |
||